书目信息 |
| 题名: |
在“不忘初心、牢记使命”主题教育工作会议上的讲话
|
|
| 作者: | 习近平 著 | |
| 分册: | ||
| 出版信息: | 北京 人民出版社 2019 |
|
| 页数: | 14页 | |
| 开本: | 21cm | |
| 丛书名: | ||
| 单 册: | ||
| 中图分类: | D2-0 , D261.42 | |
| 科图分类: | ||
| 主题词: | ||
| 电子资源: | ||
| ISBN: | 978-7-01-021038-4 | |
| 000 | 00877nam0 2200241 450 | |
| 001 | 2041522533 | |
| 005 | 20201106113214.26 | |
| 010 | @a978-7-01-021038-4@dCNY2.00 | |
| 100 | @a20190801d2019 em y0chiy50 ea | |
| 101 | 0 | @achi |
| 102 | @aCN@b110000 | |
| 105 | @ay z 000yy | |
| 200 | 1 | @a在“不忘初心、牢记使命”主题教育工作会议上的讲话@9zai “ bu wang chu xin 、 lao ji shi ming ” zhu ti jiao yu gong zuo hui yi shang de jiang hua@e2019年5月31日@f习近平[著] |
| 210 | @a北京@c人民出版社@d2019 | |
| 215 | @a14页@d21cm | |
| 330 | @a本书为习近平总书记在“不忘初心、牢记使命”主题教育工作会议上的讲话全文。 | |
| 600 | 0 | @a习近平@f(1953- )@x报告@z2019@j学习参考资料 |
| 601 | 02 | @a中国共产党@x党员@x思想政治教育@j学习参考资料 |
| 690 | @aD2-0@v5 | |
| 690 | @aD261.42@v5 | |
| 701 | 0 | @a习近平@9xi jin ping@f(1953~)@4著 |
| 801 | @c20201010@aCN | |
| 905 | @aZUCC@dD2-0@eX151 | |
| 在“不忘初心、牢记使命”主题教育工作会议上的讲话:2019年5月31日/习近平[著].-北京:人民出版社,2019 |
| 14页;21cm |
| ISBN 978-7-01-021038-4:CNY2.00 |
| 本书为习近平总书记在“不忘初心、牢记使命”主题教育工作会议上的讲话全文。 |
| ● |
| 相关链接 |
|
|
|
正题名:在"不忘初心、牢记使命"主题教育工作会议上
索取号:D2-0/X151
 
预约/预借
| 序号 | 登录号 | 条形码 | 馆藏地/架位号 | 状态 | 备注 |
| 1 | 1481917 | 214819179 | 社科库509/509社科库 68排6列2层/ [索取号:D2-0/X151] | 在馆 | |
| 2 | 1481918 | 214819188 | 社科库509/509社科库 68排6列2层/ [索取号:D2-0/X151] | 在馆 | |
| 3 | 1482013 | 214820130 | 社科库509/509社科库 68排6列2层/ [索取号:D2-0/X151] | 在馆 |